000 00761nam a2200193Ia 4500
008 0000001990 sp a 0000000000spa00
090 _aPSP00 R25a
100 1 _aRementería , Alberto
_d1953
245 1 0 _aAlberto Rementería
_b: pinturas
_c/ fotografías Alberto Rementería
300 _a[24] p.
_c/ 27 cm.
500 _aExposición realizada en Gamarra y Garrigues, Madrid, MarzoAbril, 1990 \ Con el patronazgo del maestro venezolano Jesús Rafael Soto (q.e.p.d.)
600 0 0 _aREMENTERIA, ALBERTO, 1953/
_xTRABAJOS PICTORICOS
650 1 4 _aARTE CONTEMPORANEO ESPAÑOL
650 1 4 _xCATALOGOS
650 1 4 _xEXPOSICIONES
650 1 4 _aPINTORES ESPAÑOLES
650 1 4 _aPINTURA ESPAÑOLA
999 _c4531
_d4531
260 _aMadrid : Gamarra Garrigues
_c1990